000 01016nam a2200289 i 4500
003 DO-SdBNP
005 20250217144117.0
007 ta
008 250217b2009 pr ||||| |||| 00| 0 spa d
020 _a9789945455205
040 _aDO-SdBNP
_bspa
_cBNPHU
_erda
082 4 _222
_axxx
_bS235p
100 _aSantiago Torres, Alinaluz,
_d1956-
_eautor
_4aut.
_930226
245 1 3 _aLa poética del bolero en Cuba y Puerto Rico /
_cAlinaluz Santiago ; corrección, David Capiello
264 4 _aSan Juan, Puerto Rico :
_bEditorial Isla Negra,
_c©2009.
300 _a197 páginas ;
_c22 cm.
336 _atexto
_btxt
_2rdacontent
337 _asin mediación
_bn
_2rdamedia
338 _avolumen
_bnc
_2rdacarrier
490 _aColección Visiones y Cegueras
500 _aIncluye datos biográficos del autor en la solapa de la cubierta
504 _aBibliografía : páginas 189-196
590 _aInventariado, 2025/BT
700 1 _aCapiello, David,
_ecorrector
_4corr.
_97224
910 _aBtavárez
942 _2ddc
_cLBS1
999 _c58123
_d58123